Statistics for Top 15 Countries with Covid-19 Deaths - 2 March 2022

Click here to take the quiz!

General Stats

  • This quiz has been taken 14 times
  • The average score is 14 of 26

Answer Stats

country% Correct
United Kingdom
100%
United States
100%
Italy
92%
France
85%
India
85%
Mexico
85%
Brazil
77%
Germany
69%
Indonesia
69%
Iran
69%
Russia
69%
Argentina
54%
Peru
54%
Poland
54%
Romania
46%
Slovakia
46%
Slovenia
46%
Bulgaria
31%
Hungary
31%
Colombia
23%
Croatia
23%
Czechia
15%
Lithuania
15%
North Macedonia
15%
Bosnia and
Herzegovina
8%
Georgia
8%

Score Distribution

Percentile by Number Answered

Percent of People with Each Score

Your Score History

You have not taken this quiz